Words by an eyewitness (Record no. 552820)

000 -LEADER
fixed length control field 00570cam a2200169Ka 4500
082 ## - DEWEY DECIMAL CLASSIFICATION NUMBER
Classification number 968.4
Author Mark LIN
100 1# - MAIN ENTRY--PERSONAL NAME
Personal name Grant, Maurice Harold,
9 (RLIN) 50064
245 10 - TITLE STATEMENT
Title Words by an eyewitness
Remainder of title the struggle in Natal /
Statement of responsibility, etc. by "Linesman."
250 ## - EDITION STATEMENT
Edition statement 6th impression
260 ## - PUBLICATION, DISTRIBUTION, ETC.
Place of publication, distribution, etc. Edinburgh ;
-- London :
Name of publisher, distributor, etc. W. Blackwood and Sons,
Date of publication, distribution, etc. 1902.
300 ## - PHYSICAL DESCRIPTION
Extent 343 p. ;
Dimensions 19 cm.
526 ## - STUDY PROGRAM INFORMATION NOTE
Program name 0
Interest level 0
Reading level 0
Title point value 968_400000000000000_LIN
650 #0 - SUBJECT ADDED ENTRY--TOPICAL TERM
Topical term or geographic name entry element MCE
9 (RLIN) 379
650 #0 - SUBJECT ADDED ENTRY--TOPICAL TERM
Topical term or geographic name entry element South African War, 1899-1902
9 (RLIN) 37963
856 40 - ELECTRONIC LOCATION AND ACCESS
Uniform Resource Identifier <a href="http://catalog.hathitrust.org/api/volumes/oclc/8406472.html">http://catalog.hathitrust.org/api/volumes/oclc/8406472.html</a>
942 ## - ADDED ENTRY ELEMENTS (KOHA)
Source of classification or shelving scheme
Koha item type Book
Holdings
Withdrawn status Lost status Source of classification or shelving scheme Damaged status Not for loan Permanent Location Current Location Shelving location Date acquired Total Checkouts Full call number Barcode Date last seen Price effective from Koha item type
          Military College of Engineering (MCE) Military College of Engineering (MCE)   01/23/2015   968.4 LIN MCE-ECW/50 01/23/2015 01/23/2015 Book
© 2023 Central Library, National University of Sciences and Technology. All Rights Reserved.